[Event "SRB-chT2 Vojvodina"]
[White "Besedes, Danilo"]
[Black "Samani, Yamac"]
[Site "Palic"]
[Round "5.1"]
[Result "1/2-1/2"]
[Date "2024.11.01"]
[WhiteElo "2270"]
[BlackElo "2326"]
[PlyCount "74"]
[EventDate "2024.10.29"]
[EventType "team-tourn"]
[EventRounds "11"]
[EventCountry "SRB"]
[SourceTitle "CB45_2024"]
[Source "ChessBase"]
[SourceDate "2024.11.06"]
[SourceVersion "1"]
[SourceVersionDate "2024.11.06"]
[SourceQuality "1"]
[WhiteTeam "Zrenjanin Proleter"]
[BlackTeam "Dec"]
[WhiteTeamCountry "SRB"]
[BlackTeamCountry "SRB"]

1. d4 Nf6 2. Nf3 d5 3. c4 e6 4. Nc3 dxc4 5. e3 a6 6. a4 b6 7. Bxc4 Bb7 8. 0-0 Bb4 9. Qe2 0-0 10. Bd3 Nc6 11. Rd1 Na5 12. e4 Nb3 13. Rb1 Nxc1 14. Rbxc1 Nh5 15. Qe3 c5 16. d5 Bxc3 17. bxc3 exd5 18. exd5 Re8 19. Qg5 Qxg5 20. Nxg5 Re5 21. h4 h6 22. Nf3 Rxd5 23. Bc4 Rf5 24. Rd7 Bxf3 25. gxf3 Nf4 26. Rb1 Ng6 27. Bd3 Rf6 28. Be4 Re8 29. a5 b5 30. h5 Ne5 31. Ra7 c4 32. Kg2 Nd3 33. Rd1 Nf4+ 34. Kf1 Nxh5 35. Bb7 Nf4 36. Rxa6 Rxa6 37. Bxa6 Ra8 1/2-1/2

[Event "Titled Tuesday intern op 06th Aug Late"]
[White "Zhu, Linxi"]
[Black "Samani, Yamac"]
[Site "Chess.com INT"]
[Round "1"]
[Result "0-1"]
[Date "2024.08.06"]
[WhiteElo "2129"]
[BlackElo "2326"]
[PlyCount "134"]
[EventDate "2024.08.06"]
[EventType "swiss (blitz)"]
[EventRounds "11"]
[EventCountry "USA"]
[SourceTitle "EXT 2025"]
[Source "ChessBase"]
[SourceDate "2024.10.14"]
[SourceVersion "1"]
[SourceVersionDate "2024.10.14"]
[SourceQuality "1"]

1. Nf3 g6 2. c4 Bg7 3. Nc3 d6 4. d4 Nf6 5. e4 0-0 6. Be2 Na6 7. 0-0 e5 8. dxe5 dxe5 9. Qxd8 Rxd8 10. Bg5 Re8 11. Rfd1 c6 12. a3 Bg4 13. h3 Bxf3 14. Bxf3 Nc5 15. b4 Nb3 16. Rab1 Nd4 17. Be3 Rad8 18. Rd2 Rd7 19. Rbd1 Red8 20. Bxd4 exd4 21. Ne2 d3 22. Nc1 Rd4 23. Rxd3 Rxd3 24. Rxd3 Re8 25. Nb3 Nxe4 26. Bxe4 Rxe4 27. Rd8+ Bf8 28. Na5 b6 29. Nxc6 Rxc4 30. Nxa7 Kg7 31. Nb5 Be7 32. Rd7 Rc1+ 33. Kh2 Bf6 34. Nd6 Be5+ 35. g3 Bxd6 36. Rxd6 Ra1 37. Rxb6 Rxa3 38. Kg2 Rb3 39. Rb8 h5 40. b5 Kf6 41. f4 Kf5 42. b6 h4 43. gxh4 Kxf4 44. b7 Rb2+ 45. Kf1 Kf3 46. Ke1 Kg3 47. Rh8 Rxb7 48. h5 g5 49. h6 Kxh3 50. h7 f6 51. Kf2 g4 52. Rf8 Rxh7 53. Rxf6 Kh2 54. Rg6 Rf7+ 55. Ke2 g3 56. Rg5 g2 57. Rh5+ Kg1 58. Rh6 Rf4 59. Rh5 Rf7 60. Rh6 Re7+ 61. Kd2 Re5 62. Rh8 Kf2 63. Rf8+ Kg3 64. Rg8+ Kf3 65. Kd1 Re4 66. Kd2 Rg4 67. Rf8+ Kg3 0-1

[Event "Cesme op-A 10th"]
[White "Cilek, Bora"]
[Black "Samani, Yamac"]
[Site "Cesme"]
[Round "5"]
[Result "1/2-1/2"]
[Date "2024.06.27"]
[WhiteElo "2242"]
[BlackElo "2360"]
[PlyCount "65"]
[EventDate "2024.06.23"]
[EventType "swiss"]
[EventRounds "9"]
[EventCountry "TUR"]
[SourceTitle "CBM 220 Extra"]
[Source "ChessBase"]
[SourceDate "2024.07.31"]
[SourceVersion "1"]
[SourceVersionDate "2024.07.31"]
[SourceQuality "1"]

1. c4 e5 2. g3 Nf6 3. Bg2 d5 4. cxd5 Nxd5 5. Nc3 Nf6 6. Nf3 Bd6 7. 0-0 0-0 8. d4 Nc6 9. d5 Nb8 10. Qc2 Nbd7 11. Nh4 a6 12. a4 Rb8 13. a5 Re8 14. Nf5 Nc5 15. Nxd6 cxd6 16. b4 Ncd7 17. h3 b5 18. e4 Bb7 19. Be3 Rc8 20. Rfc1 Qe7 21. Qb2 Rc7 22. Ne2 Rec8 23. Rxc7 Rxc7 24. Rc1 Qd8 25. Rxc7 Qxc7 26. Qc1 Qxc1+ 27. Nxc1 Kf8 28. Nd3 Ne8 29. f4 f6 30. Kf2 Ke7 31. h4 g6 32. fxe5 fxe5 33. Bg5+ 1/2-1/2

[Event "Cesme op-A 10th"]
[White "Ozcan, Kaan"]
[Black "Samani, Yamac"]
[Site "Cesme"]
[Round "3"]
[Result "1-0"]
[Date "2024.06.25"]
[WhiteElo "2227"]
[BlackElo "2360"]
[PlyCount "79"]
[EventDate "2024.06.23"]
[EventType "swiss"]
[EventRounds "9"]
[EventCountry "TUR"]
[SourceTitle "CBM 220 Extra"]
[Source "ChessBase"]
[SourceDate "2024.07.31"]
[SourceVersion "1"]
[SourceVersionDate "2024.07.31"]
[SourceQuality "1"]

1. d4 Nf6 2. c4 e6 3. Nc3 Bb4 4. e3 0-0 5. Bd3 c5 6. Nge2 cxd4 7. exd4 d5 8. a3 Bxc3+ 9. Nxc3 dxc4 10. Bxc4 Nc6 11. Be3 b6 12. 0-0 Bb7 13. Qd2 Rc8 14. Ba2 Ne7 15. Bg5 Qd6 16. Bxf6 gxf6 17. f3 Rfd8 18. Rad1 f5 19. Qg5+ Ng6 20. d5 Qf4 21. Qf6 e5 22. d6 Rd7 23. Rfe1 Re8 24. Nd5 Bxd5 25. Bxd5 Rf8 26. b4 Qh6 27. Bc6 Rdd8 28. Rxe5 Qf4 29. Ree1 a5 30. Rd4 Qh6 31. Qxf5 Qg7 32. Red1 axb4 33. axb4 Kh8 34. b5 Rg8 35. Rg4 Qc3 36. d7 Rg7 37. Qe4 f5 38. Qxf5 Qe3+ 39. Kh1 Qe2 40. Rg1 1-0

[Event "Paphos op 2nd"]
[White "Leftheriotis, Alexandros"]
[Black "Samani, Yamac"]
[Site "Paphos"]
[Round "5"]
[Result "1-0"]
[Date "2024.04.29"]
[WhiteElo "2062"]
[BlackElo "2382"]
[PlyCount "79"]
[EventDate "2024.04.26"]
[EventType "swiss"]
[EventRounds "9"]
[EventCountry "CYP"]
[SourceTitle "CBM 220 Extra"]
[Source "ChessBase"]
[SourceDate "2024.07.31"]
[SourceVersion "1"]
[SourceVersionDate "2024.07.31"]
[SourceQuality "1"]

1. e4 e5 2. Nf3 Nc6 3. Bb5 a6 4. Ba4 d6 5. c3 Bd7 6. 0-0 g6 7. d4 Bg7 8. Re1 b5 9. Bc2 Nf6 10. h3 0-0 11. Nbd2 Re8 12. Nf1 Na5 13. Ng3 c5 14. d5 c4 15. b4 cxb3 16. axb3 Qc7 17. Bd2 Nb7 18. b4 Rec8 19. Bd3 Be8 20. Qe2 Nd7 21. Nf1 Nb6 22. Ne3 Nc4 23. Nxc4 bxc4 24. Bc2 a5 25. Be3 axb4 26. cxb4 Bb5 27. Nd2 Qd7 28. Rxa8 Rxa8 29. Nb1 h5 30. Nc3 Ra3 31. Qd2 Kh7 32. Bd1 Nd8 33. Qb2 Ra8 34. Be2 Bh6 35. Bxh6 Kxh6 36. Ra1 Rb8 37. Ra5 Rb6 38. Qa3 Qb7 39. Ra7 Ra6 40. Qc1+ 1-0

[Event "Karlsruhe Grenke op"]
[White "Zackrisson, Peter"]
[Black "Samani, Yamac"]
[Site "Karlsruhe"]
[Round "5"]
[Result "1/2-1/2"]
[Date "2024.03.30"]
[WhiteElo "2217"]
[BlackElo "2378"]
[PlyCount "64"]
[EventDate "2024.03.28"]
[EventType "swiss"]
[EventRounds "9"]
[EventCountry "GER"]
[SourceTitle "EXT 2025"]
[Source "ChessBase"]
[SourceDate "2024.10.14"]
[SourceVersion "1"]
[SourceVersionDate "2024.10.14"]
[SourceQuality "1"]

1. d4 d6 2. e4 Nf6 3. Nc3 e5 4. Nf3 Nbd7 5. Bc4 Be7 6. 0-0 0-0 7. Re1 c6 8. a4 h6 9. h3 Re8 10. a5 Rb8 11. dxe5 dxe5 12. Be3 b5 13. axb6 axb6 14. Ba2 Bb4 15. Nd2 Nc5 16. f3 Qe7 17. Ne2 Ne6 18. Nc1 Bc5 19. Nf1 Nf4 20. Nd3 Bxe3+ 21. Nxe3 N6h5 22. Nxf4 Nxf4 23. Qd2 Rd8 24. Qf2 Rd6 25. Kh2 Rg6 26. Bc4 Be6 27. Be2 Qc5 28. Bf1 Rf6 29. Red1 h5 30. Ra3 Qb4 31. c3 Qe7 32. Rda1 b5 1/2-1/2

[Event "Cappelle op 40th"]
[White "Samani, Yamac"]
[Black "Velten, Paul"]
[Site "Cappelle la Grande"]
[Round "3"]
[Result "1/2-1/2"]
[Date "2024.03.04"]
[WhiteElo "2378"]
[BlackElo "2475"]
[PlyCount "39"]
[EventDate "2024.03.02"]
[EventType "swiss"]
[EventRounds "9"]
[EventCountry "FRA"]
[SourceTitle "CBM 219 Extra"]
[Source "ChessBase"]
[SourceDate "2024.05.31"]
[SourceVersion "1"]
[SourceVersionDate "2024.05.31"]
[SourceQuality "1"]

1. e4 e6 2. d4 d5 3. Nc3 Nc6 4. e5 Nge7 5. Nf3 b6 6. h4 Qd7 7. h5 h6 8. a3 a5 9. Bf4 Ba6 10. Nb5 Nb8 11. a4 Nec6 12. c3 Na7 13. Nxa7 Bxf1 14. Kxf1 Rxa7 15. g3 c5 16. Kg2 Be7 17. Qe2 Nc6 18. g4 Rc7 19. Rhc1 0-0 20. Qb5 1/2-1/2

[Event "Titled Tuesday intern op 06th Feb Early"]
[White "Samani, Yamac"]
[Black "Ghosh, Chanchal Kumer"]
[Site "Chess.com INT"]
[Round "2"]
[Result "1-0"]
[Date "2024.02.06"]
[WhiteElo "2378"]
[BlackElo "2026"]
[PlyCount "63"]
[EventDate "2024.02.06"]
[EventType "swiss (blitz)"]
[EventRounds "11"]
[EventCountry "USA"]
[SourceTitle "CBM 218 Extra"]
[Source "ChessBase"]
[SourceDate "2024.03.31"]
[SourceVersion "1"]
[SourceVersionDate "2024.03.31"]
[SourceQuality "1"]

1. a3 d5 2. b4 e6 3. Bb2 Nf6 4. g3 Bd6 5. Bg2 0-0 6. Nf3 Nbd7 7. 0-0 b6 8. e3 Bb7 9. Qe2 c5 10. d3 Re8 11. b5 e5 12. Nh4 e4 13. Nf5 Bc7 14. dxe4 dxe4 15. Rd1 Qc8 16. Bh3 Qb8 17. Nxg7 Be5 18. Bxd7 Bxb2 19. Nxe8 Bxa1 20. Nxf6+ Bxf6 21. Bf5 Qe5 22. Qh5 h6 23. Rd7 Bd5 24. Rxd5 Qxd5 25. Bh7+ Kxh7 26. Qxd5 Rd8 27. Qxe4+ Kg7 28. Kg2 h5 29. a4 Bb2 30. c3 Rd6 31. Qc2 Ba1 32. Qa2 1-0

[Event "Arad op 16th"]
[White "Pribelszky, Bence Daniel"]
[Black "Samani, Yamac"]
[Site "Arad"]
[Round "8"]
[Result "1/2-1/2"]
[Date "2023.08.12"]
[WhiteElo "2413"]
[BlackElo "2346"]
[PlyCount "107"]
[EventDate "2023.08.07"]
[EventType "swiss"]
[EventRounds "9"]
[EventCountry "ROU"]
[SourceTitle "EXT 2024"]
[Source "ChessBase"]
[SourceDate "2023.10.10"]
[SourceVersion "1"]
[SourceVersionDate "2023.10.10"]
[SourceQuality "1"]

1. Nf3 c5 2. b3 d5 3. Bb2 f6 4. c4 d4 5. b4 e5 6. e3 e4 7. Ng1 Nc6 8. bxc5 f5 9. exd4 Nxd4 10. d3 Bxc5 11. dxe4 Qb6 12. Qd2 Nf6 13. Nc3 Nxe4 14. Nxe4 fxe4 15. 0-0-0 Ne6 16. Nh3 0-0 17. Be2 Rd8 18. Qc3 Nd4 19. Kb1 Bf5 20. g4 Bg6 21. Nf4 Bb4 22. Qe3 Nxe2 23. Nxe2 Bd2 24. Qxb6 axb6 25. Bd4 e3+ 26. Kb2 Be4 27. fxe3 Bxh1 28. Rxd2 Bf3 29. Nf4 Rd7 30. g5 Rc8 31. Kb3 Rc6 32. Nd3 Re6 33. Kc3 Be4 34. Nf2 Bf5 35. Rb2 h6 36. h4 hxg5 37. hxg5 Rdd6 38. Rb5 Bg6 39. Nh3 Be8 40. Rb2 Re4 41. Bxb6 Rxb6 42. Rxb6 Rxe3+ 43. Kb4 Rxh3 44. Rxb7 Rh2 45. Ra7 Rg2 46. Ra5 Kf7 47. a4 Ke7 48. Re5+ Kd8 49. a5 Ra2 50. Kb3 Ra1 51. Kb2 Ra4 52. Kb3 Ra1 53. Kb2 Ra4 54. Kb3 1/2-1/2

[Event "Arad op 16th"]
[White "Lupulescu, Constantin"]
[Black "Samani, Yamac"]
[Site "Arad"]
[Round "4"]
[Result "1/2-1/2"]
[Date "2023.08.09"]
[WhiteElo "2584"]
[BlackElo "2346"]
[PlyCount "45"]
[EventDate "2023.08.07"]
[EventType "swiss"]
[EventRounds "9"]
[EventCountry "ROU"]
[SourceTitle "EXT 2024"]
[Source "ChessBase"]
[SourceDate "2023.10.10"]
[SourceVersion "1"]
[SourceVersionDate "2023.10.10"]
[SourceQuality "1"]

1. c4 e6 2. g3 d5 3. Bg2 d4 4. Nf3 c5 5. d3 Ne7 6. e3 Nec6 7. exd4 cxd4 8. 0-0 Be7 9. Na3 0-0 10. b3 e5 11. Nc2 a5 12. Re1 f6 13. a3 Na6 14. Rb1 Kh8 15. Nd2 f5 16. b4 axb4 17. axb4 Naxb4 18. Nxb4 Nxb4 19. Rxe5 Bf6 20. Rb5 Nxd3 21. Nb3 Nxc1 22. Rxc1 Ra2 23. Nc5 1/2-1/2

[Event "TUR-chT"]
[White "Samani, Yamac"]
[Black "Annaberdiev, Meilis"]
[Site "Ankara"]
[Round "10.3"]
[Result "1-0"]
[Date "2023.07.19"]
[WhiteElo "2375"]
[BlackElo "2496"]
[PlyCount "144"]
[EventDate "2023.07.10"]
[EventType "team-tourn"]
[EventRounds "11"]
[EventCountry "TUR"]
[SourceTitle "EXT 2024"]
[Source "ChessBase"]
[SourceDate "2023.10.10"]
[SourceVersion "1"]
[SourceVersionDate "2023.10.10"]
[SourceQuality "1"]
[WhiteTeam "Tas Duvar"]
[BlackTeam "Hukukcu Fenerbahceliler"]
[WhiteTeamCountry "TUR"]
[BlackTeamCountry "TUR"]

1. e4 c5 2. Nf3 Nc6 3. Bb5 d6 4. 0-0 Bd7 5. Re1 Nf6 6. c3 a6 7. Bf1 Bg4 8. h3 Bxf3 9. Qxf3 g6 10. d3 Bg7 11. Be3 Nd7 12. Nd2 b5 13. Qd1 b4 14. Qa4 Qc7 15. Rec1 Nb6 16. Qd1 Qb7 17. a3 bxc3 18. bxc3 0-0 19. Rab1 Qa7 20. d4 Nd7 21. Nf3 Qc7 22. Qa4 Rfc8 23. Bc4 e6 24. d5 exd5 25. Bxd5 Nf6 26. Ba2 Re8 27. Nd2 Ne5 28. Rd1 h6 29. Bf4 Ra7 30. f3 Nfd7 31. Nc4 Nxc4 32. Bxc4 Bf8 33. Rd2 g5 34. Bg3 Raa8 35. Rdb2 Ra7 36. Bd5 Nf6 37. Rb7 Nxd5 38. Rxc7 Nxc7 39. Qc6 Rd8 40. Qb6 Rda8 41. Bxd6 Ne6 42. Bxf8 Kxf8 43. Rd1 Re7 44. Rd5 Kg7 45. h4 Raa7 46. hxg5 hxg5 47. Qd6 a5 48. Rf5 Rad7 49. Qe5+ Kg8 50. Rf6 Kh7 51. Kh2 a4 52. Qf5+ Kg7 53. Kg3 c4 54. Rxf7+ Rxf7 55. Qxe6 g4 56. Kxg4 Kf8 57. Qxc4 Rg7+ 58. Kh3 Rd1 59. g4 Rf7 60. Kg3 Rg1+ 61. Kf2 Rd1 62. Qxa4 Rd3 63. Qa8+ Kg7 64. e5 Rxc3 65. a4 Rc4 66. e6 Re7 67. Qd5 Rcc7 68. f4 Rb7 69. Qe5+ Kg8 70. f5 Rec7 71. f6 Rc2+ 72. Kg3 Rc3+ 1-0

[Event "TUR-chT"]
[White "Samani, Yamac"]
[Black "Celik, Hasan Huseyin"]
[Site "Ankara"]
[Round "4.1"]
[Result "1/2-1/2"]
[Date "2023.07.13"]
[WhiteElo "2375"]
[BlackElo "2405"]
[PlyCount "65"]
[EventDate "2023.07.10"]
[EventType "team-tourn"]
[EventRounds "11"]
[EventCountry "TUR"]
[SourceTitle "EXT 2024"]
[Source "ChessBase"]
[SourceDate "2023.10.10"]
[SourceVersion "1"]
[SourceVersionDate "2023.10.10"]
[SourceQuality "1"]
[WhiteTeam "Tas Duvar"]
[BlackTeam "Burhaniye"]
[WhiteTeamCountry "TUR"]
[BlackTeamCountry "TUN"]

1. d4 d5 2. Nc3 Nf6 3. Bf4 c5 4. e3 cxd4 5. exd4 Bg4 6. Be2 Bxe2 7. Qxe2 Nc6 8. Nb5 Kd7 9. Nf3 Rc8 10. 0-0 a6 11. Nc3 e6 12. Na4 Qa5 13. b3 Bd6 14. Bxd6 Kxd6 15. Nc5 Ke7 16. b4 Qb5 17. Qe3 b6 18. a4 Qc4 19. Nxa6 Qxa6 20. b5 Qa5 21. bxc6 Rxc6 22. Qa3+ Ke8 23. Ne5 Rc8 24. Rab1 Qa7 25. Qd6 Qc7 26. Qb4 Nd7 27. Qb5 Ke7 28. Qb4+ Ke8 29. Qb5 Ke7 30. Nxd7 Qxd7 31. Qb4+ Kf6 32. Rb3 g6 33. Qxb6 1/2-1/2

[Event "TUR-chT"]
[White "Samani, Yamac"]
[Black "Yavuz, Efe Metehan"]
[Site "Ankara"]
[Round "2.1"]
[Result "0-1"]
[Date "2023.07.11"]
[WhiteElo "2375"]
[BlackElo "2346"]
[PlyCount "116"]
[EventDate "2023.07.10"]
[EventType "team-tourn"]
[EventRounds "11"]
[EventCountry "TUR"]
[SourceTitle "EXT 2024"]
[Source "ChessBase"]
[SourceDate "2023.10.10"]
[SourceVersion "1"]
[SourceVersionDate "2023.10.10"]
[SourceQuality "1"]
[WhiteTeam "Tas Duvar"]
[BlackTeam "Rota Koleji Dernegi"]
[WhiteTeamCountry "TUR"]
[BlackTeamCountry "TUR"]

1. d4 Nf6 2. c4 e6 3. Nc3 Bb4 4. e3 b6 5. Nge2 c5 6. a3 Ba5 7. g3 Bb7 8. d5 b5 9. Bg2 bxc4 10. e4 0-0 11. 0-0 d6 12. dxe6 fxe6 13. Bg5 Nc6 14. e5 dxe5 15. Qa4 Bxc3 16. Nxc3 Qb6 17. Qxc4 Na5 18. Qb5 Qxb5 19. Nxb5 Bxg2 20. Kxg2 Rab8 21. a4 a6 22. Nc7 Rfc8 23. Nxa6 Rb7 24. Rad1 Nd5 25. Be3 Nb3 26. Rfe1 Rc6 27. Bxc5 Nxc5 28. Nxc5 Rxc5 29. Rxe5 Kf7 30. Rd2 Rb4 31. Rde2 Rc6 32. R5e4 Rb3 33. h4 Rcb6 34. a5 Ra6 35. Rc4 Rb5 36. b4 Rxb4 37. Rc5 Ra4 38. Rb5 R4xa5 39. Rb7+ Kf6 40. Rb8 Ra8 41. Rbb2 Rc5 42. Rb7 Rac8 43. Rbb2 Rc1 44. Rbd2 h6 45. Rb2 g5 46. hxg5+ hxg5 47. Re4 R1c2 48. Re2 Rxe2 49. Rxe2 Kf5 50. Ra2 Rc1 51. Ra5 Rc2 52. Ra8 Nf6 53. Ra5+ e5 54. Ra3 Ne4 55. Rf3+ Kg4 56. Rf8 Rxf2+ 57. Rxf2 Nxf2 58. Kxf2 e4 0-1

[Event "Teplice op"]
[White "Kantor, Gergely"]
[Black "Samani, Yamac"]
[Site "Teplice"]
[Round "3"]
[Result "1/2-1/2"]
[Date "2023.06.12"]
[WhiteElo "2520"]
[BlackElo "2344"]
[PlyCount "63"]
[EventDate "2023.06.10"]
[EventType "swiss"]
[EventRounds "9"]
[EventCountry "CZE"]
[SourceTitle "CBM 214 Extra"]
[Source "ChessBase"]
[SourceDate "2023.07.31"]
[SourceVersion "1"]
[SourceVersionDate "2023.07.31"]
[SourceQuality "1"]

1. d4 Nf6 2. c4 e6 3. Nf3 d5 4. Nc3 Bb4 5. Qa4+ Nc6 6. e3 0-0 7. Qc2 Na5 8. c5 b6 9. a3 Bxc3+ 10. Qxc3 e5 11. dxe5 Ne4 12. Qc2 bxc5 13. b4 Nb7 14. Ba6 Rb8 15. 0-0 Bf5 16. Rd1 c6 17. Ne1 Qb6 18. Bxb7 Nd6 19. Qxc5 Qxc5 20. bxc5 Nxb7 21. Bd2 Nxc5 22. Bb4 Nb3 23. Bxf8 Nxa1 24. Bd6 Rb1 25. Rxb1 Bxb1 26. Nf3 Nb3 27. Nd4 Nxd4 28. exd4 Bf5 29. f3 f6 30. exf6 gxf6 31. Kf2 Kf7 32. Ke3 1/2-1/2

[Event "Titled Tuesday intern op 23rd May Late"]
[White "Samani, Yamac"]
[Black "Dardha, Daniel"]
[Site "Chess.com INT"]
[Round "1"]
[Result "1-0"]
[Date "2023.05.23"]
[WhiteElo "2344"]
[BlackElo "2631"]
[PlyCount "221"]
[EventDate "2023.05.23"]
[EventType "swiss (blitz)"]
[EventRounds "11"]
[EventCountry "USA"]
[SourceTitle "EXT 2024"]
[Source "ChessBase"]
[SourceDate "2023.10.10"]
[SourceVersion "1"]
[SourceVersionDate "2023.10.10"]
[SourceQuality "1"]

1. c3 e5 2. d4 exd4 3. cxd4 Nf6 4. Nc3 d5 5. Bf4 Be7 6. e3 0-0 7. h3 Bf5 8. Nf3 c6 9. Nh4 Be6 10. Bd3 Nbd7 11. Nf5 Bb4 12. 0-0 Re8 13. Qb3 Qb6 14. Na4 Qa5 15. Nd6 Bxd6 16. Bxd6 Ne4 17. Qb4 Qxb4 18. Bxb4 Nb6 19. Nc5 Nxc5 20. Bxc5 Nd7 21. Bd6 Nf6 22. b4 Ne4 23. Bxe4 dxe4 24. a4 a6 25. Rab1 Bc4 26. Rfc1 b5 27. a5 f6 28. Bh2 Kf7 29. Rc3 Ke6 30. f3 Kd5 31. Kf2 Re7 32. f4 h5 33. Rg1 h4 34. Ke1 Rg8 35. g4 hxg3 36. Rxg3 Ke6 37. Rc2 g6 38. Rcg2 Kf5 39. Rg1 Rh7 40. R1g2 Rh6 41. Bg1 Rgh8 42. Bf2 Bf7 43. Rh2 Ke6 44. Kd2 Ke7 45. Ke1 Be6 46. h4 Rxh4 47. Rxh4 Rxh4 48. Rxg6 Rh1+ 49. Rg1 Rh7 50. Kd2 Kd6 51. Bg3 Bf5 52. Ke2 Rh3 53. Kf2 Kd7 54. Rc1 Be6 55. Rc5 Bd5 56. Rc1 Ke6 57. Kg2 Rh7 58. Rc2 Bc4 59. Rc1 Kd5 60. Rc2 Rg7 61. Rc1 f5 62. Kf2 Rf7 63. Kg2 Rh7 64. Kf2 Rh8 65. Kg2 Ke6 66. Kf2 Bd5 67. Kg2 Kf6 68. Kf2 Rh7 69. Kg2 Kg6 70. Kf2 Rh8 71. Kg2 Rg8 72. Kf2 Kf7 73. Kg2 Bc4 74. Kf2 Ke6 75. Kg2 Kd5 76. Kf2 Rf8 77. Kg2 Bd3 78. Kf2 Rf7 79. Kg2 Kd6 80. Kf2 Rh7 81. Kg2 Be2 82. Kf2 Bf3 83. Rc5 Rh1 84. Rxf5 Rb1 85. Rf6+ Kd5 86. f5 Rb2+ 87. Ke1 Re2+ 88. Kf1 Rxe3 89. Rd6+ Kc4 90. Rxc6+ Kd3 91. Be1 Re2 92. Bf2 e3 93. Bxe3 Kxe3 94. Re6+ Kd3 95. Rxe2 Bxe2+ 96. Kf2 Bh5 97. d5 Bg4 98. f6 Kc4 99. f7 Kxb4 100. f8Q+ Ka4 101. Qf4+ b4 102. Qxg4 Ka3 103. Qc4 b3 104. Qxa6 Kb2 105. Qb6 Ka1 106. a6 b2 107. a7 Ka2 108. a8Q+ Kb1 109. Qab8 Kc2 110. Qxb2+ Kd1 111. Q8b3# 1-0